Государственные языки всех стран мира - Statistics

General Stats
  • This quiz has been taken 146 times
  • The average score is 169 of 196
Answer Stats
Страна Язык(-и) % Correct
Австралия | Антигуа и Барбуда | Багамские острова | +18 others английский
100%
Бельгия нидерландский / немецкий / французский
100%
Ботсвана английский / тсвана
100%
Вануату английский / французский / бислама
100%
Замбия | Малави английский / чева
100%
Зимбабве английский / венда / каланга / койсан / коса / намбья / ндау / ндебеле / сесото / тсонга / тсвана / чева / шангани / шона
100%
Индия индийский (хинди) / английский
100%
Ирландия ирландский / английский
100%
Канада английский / французский
100%
Кения | Танзания | Уганда английский / суахили
100%
Кирибати английский / кирибати
100%
Лесото английский / сесото
100%
Люксембург люксембургский / нидерландский / немецкий / французский
100%
Маврикий английский / французский / маврикийский креольский
100%
Мальта мальтийский / английский
100%
Маршалловы острова английский / маршалльский
100%
Науру английский / науруанский
100%
Нигерия английский / хауса / йоруба / игбо
100%
Новая Зеландия английский / маори
100%
Пакистан индийский (урду) / английский
100%
Палау английский / палауский
100%
Папуа-Новая Гвинея английский / хири-моту / ток-писин
100%
Руанда киньяруанда / французский / английский / суахили
100%
Самоа английский / самоанский
100%
Сейшельские острова английский / французский / сейшельский креольский
100%
Сингапур малайский / китайский / английский / тамильский
100%
Судан арабский / английский
100%
Сьерра-Леоне английский / крио
100%
Тонга английский / тонганский
100%
Тувалу английский / тувалу
100%
Фиджи английский / фиджийский / индийский (фиджийский хинди)
100%
Филиппины английский / филиппинский
100%
Швейцария немецкий / французский / итальянский / романшский
100%
Экваториальная Гвинея португальский / испанский / французский
100%
Эритрея тигринья / арабский / итальянский / английский
100%
Эсватини английский / свати
100%
Южно-Африканская Республика английский / африкаанс / венда / коса / зулу / южный ндебеле / свати / сесото / тсвана / тсонга
100%
Ямайка английский / ямайский креольский
100%
Австрия | Германия | Лихтенштейн немецкий
99%
Джибути | Чад арабский / французский
99%
Коморские острова коморский / арабский / французский
99%
Сенегал французский / арабский
99%
Аргентина | Венесуэла | Гватемала | +13 others испанский
98%
Боливия испанский / аймара / кечуа / гуарани
98%
Казахстан казахский / русский
98%
Парагвай испанский / гуарани
98%
Перу испанский / аймара / кечуа
98%
Беларусь белорусский / русский
96%
Кыргызстан киргизский / русский
96%
Россия русский
96%
Таджикистан персидский (таджикский) / русский
96%
Ватикан итальянский / латинский
95%
Бенин | Габон | Гвинея | +5 others французский
94%
Буркина-Фасо французский / мооре / биса / фула / дьюла
94%
Бурунди кирунди / французский / суахили
94%
Гаити французский / гаитянский креольский
94%
Демократическая Республика Конго французский / лингала
94%
Италия | Сан-Марино итальянский
94%
Китай | Тайвань китайский
94%
Мадагаскар малагасийский / французский
94%
Мали французский / бамбара / сонинке / хассания / бому / тамашек / сонгай / фула / бозо / маниканкан / догонский / сиенара / мамара / хасонгаксанго
94%
Нигер французский / хауса
94%
Республика Конго французский / китумба / лингала
94%
Центрально-Африканская Республика французский / санго
94%
Алжир | Марокко арабский / берберский
93%
Ангола | Бразилия | Гвинея-Бисау | +4 others португальский
93%
Бахрейн | Египет | Иордания | +11 others арабский
93%
Восточный Тимор португальский / тетум
93%
Ирак арабский / курдский
93%
Сомали арабский / сомалийский
93%
Кипр греческий / турецкий
90%
Корейская Народно-Демократическая Республика | Республика Корея корейский
90%
Косово албанский / сербо-хорватский (сербский)
88%
Грузия грузинский
84%
Северная Македония македонский / албанский
84%
Япония японский
84%
Украина украинский
83%
Босния и Герцеговина сербо-хорватский (сербский) / сербо-хорватский (хорватский) / сербо-хорватский (боснийский)
81%
Болгария болгарский
80%
Турция турецкий
80%
Азербайджан азербайджанский
79%
Сербия сербо-хорватский (сербский)
79%
Албания албанский
78%
Греция греческий
78%
Армения армянский
76%
Венгрия венгерский
74%
Вьетнам вьетнамский
74%
Молдова | Румыния румынский
74%
Норвегия норвежский
74%
Финляндия финский / шведский
74%
Польша польский
71%
Исландия исландский
70%
Монголия монгольский
69%
Израиль иврит
68%
Литва литовский
66%
Таиланд тайский
66%
Узбекистан узбекский
66%
Дания датский
65%
Швеция шведский
65%
Индонезия индонезийский
64%
Нидерланды нидерландский
61%
Суринам нидерландский / сранан-тонго
61%
Словения словенский
60%
Хорватия сербо-хорватский (хорватский)
60%
Эстония эстонский
60%
Чехия чешский
56%
Афганистан персидский (дари) / пушту
55%
Иран персидский (фарси)
54%
Латвия латышский
53%
Туркменистан туркменский
53%
Непал непальский
50%
Словакия словацкий
46%
Черногория сербо-хорватский (черногорский)
39%
Бангладеш бенгальский
31%
Лаос лаосский
29%
Бруней | Малайзия малайский
21%
Мальдивы мальдивский
21%
Мьянма бирманский
21%
Камбоджа кхмерский
18%
Андорра каталанский
14%
Эфиопия амхарский / афарский / оромо / сомалийский / тигринья
13%
Шри-Ланка сингальский / тамильский
11%
Бутан дзонг-кэ
4%
No matching quizzes found
Score Distribution
Percent of People with Each Score
Percentile by Number Answered
Your Score History
You have not taken this quiz